Finanse lokalne we Francji
Na minha lista:
| Autor principal: | |
|---|---|
| Outros Autores: | |
| Formato: | Livro |
| Idioma: | polonês |
| Publicado em: |
Warszawa
KiK
1999
|
| Colecção: | Biblioteka Przegladu Podatkowego
|
| Assuntos: | |
| Tags: |
Sem tags, seja o primeiro a adicionar uma tag!
|
MARC
| LEADER | 00000nam a2200000 4500 | ||
|---|---|---|---|
| 001 | c123618 | ||
| 005 | 20221108121549.9 | ||
| 020 | |a 83-88014-04-8 | ||
| 041 | 0 | |a pol | |
| 044 | |a PL | ||
| 245 | 1 | 0 | |a Finanse lokalne we Francji |c Michel Bouvier ; przeklad: Joanna Cholewa |
| 264 | 1 | |a Warszawa |b KiK |c 1999 | |
| 300 | |a 170 s. | ||
| 490 | 1 | |a Biblioteka Przegladu Podatkowego | |
| 830 | 0 | |a Biblioteka Przegladu Podatkowego | |
| 610 | 2 | 0 | |a financie verejné |
| 610 | 2 | 0 | |a politika komunálna |
| 610 | 2 | 0 | |a správa miestna |
| 610 | 2 | 0 | |a administratíva |
| 610 | 2 | 0 | |a trh |
| 610 | 2 | 0 | |a dane |
| 610 | 2 | 0 | |a platby neobchodné |
| 610 | 2 | 0 | |a platby obchodné |
| 610 | 2 | 0 | |a pomoc štátna |
| 610 | 2 | 0 | |a subvencie |
| 610 | 2 | 0 | |a dotácie |
| 610 | 2 | 0 | |a banky |
| 610 | 2 | 0 | |a majetok |
| 610 | 2 | 0 | |a služby verejné |
| 610 | 2 | 0 | |a kontrola |
| 610 | 2 | 0 | |a predpisy právne |
| 610 | 2 | 0 | |a Francúzsko |
| 100 | 1 | |a Bouvier, Michel | |
| 700 | 1 | |a Cholewa, Joanna | |